Production of Synthetic Fibres (Record no. 3874)

MARC details
000 -LEADER
fixed length control field 00314nam a2200133Ia 4500
008 - FIXED-LENGTH DATA ELEMENTS--GENERAL INFORMATION
fixed length control field 191201s2005 xx 000 0 und d
082 ## - DEWEY DECIMAL CLASSIFICATION NUMBER
Classification number 677.4
Item number VAP
100 ## - MAIN ENTRY--PERSONAL NAME
Personal name VAIDYA, A A
245 #0 - TITLE STATEMENT
Title Production of Synthetic Fibres
260 ## - PUBLICATION, DISTRIBUTION, ETC. (IMPRINT)
Place of publication, distribution, etc N.Delhi
Name of publisher, distributor, etc PHI
Date of publication, distribution, etc 2005
300 ## - PHYSICAL DESCRIPTION
Extent 354
650 ## - SUBJECT ADDED ENTRY--TOPICAL TERM
Topical term or geographic name as entry element B.Tech(TE)
942 ## - ADDED ENTRY ELEMENTS (KOHA)
Source of classification or shelving scheme Dewey Decimal Classification
Koha item type Text Books
Holdings
Withdrawn status Lost status Source of classification or shelving scheme Damaged status Not for loan Collection code Home library Current library Date acquired Source of acquisition Cost, normal purchase price Bill Number Total Checkouts Full call number Acc. no. / Barcode Date last seen Bill Date Koha item type Date last borrowed
    Dewey Decimal Classification     B.Tech(TE) PIET C-LIBRARY PIET C-LIBRARY 26/02/2009 Indian International Text Book 750.00 106   677.4 VAP 11803 04/12/2019 28/01/2009 Text Books  
    Dewey Decimal Classification     B.Tech(TE) PIET C-LIBRARY PIET C-LIBRARY 26/02/2009 Indian International Text Book 750.00 106 6 677.4 VAP 11804 14/06/2023 28/01/2009 Text Books 01/06/2023
    Dewey Decimal Classification     B.Tech(TE) PIET C-LIBRARY PIET C-LIBRARY 26/02/2009 Indian International Text Book 750.00 106 4 677.4 VAP 11805 07/06/2023 28/01/2009 Text Books 31/05/2023
    Dewey Decimal Classification     B.Tech(TE) PIET C-LIBRARY PIET C-LIBRARY 26/02/2009 Indian International Text Book 750.00 106 8 677.4 VAP 11806 06/04/2026 28/01/2009 Text Books 23/03/2026
    Dewey Decimal Classification     B.Tech(TE) PIET C-LIBRARY PIET C-LIBRARY 26/02/2009 Indian International Text Book 750.00 106 3 677.4 VAP 11807 07/04/2023 28/01/2009 Text Books 03/04/2023

Design & Developed by: PIET Central Library
R70 Miles Stone Pattikalyana Samalkha Panipat 132102
mail ID :- [email protected], Phone No:- 0180-2569700 Ex.216